000 01467nam a2200409Ii 4500
001 DIGBIN01402
003 NyNyDIG
006 m o d
007 cr |||||||||||
008 100625s1997 sp ob 001 0 spa d
020 _z8470304666
020 _z9788470304668
035 _a(OCoLC)605247978
040 _aDGITA
_beng
_epn
_cDGITA
041 0 _asparoa
_hroa
050 0 4 _aPQ6366 eBook
130 0 _aCantar de mío Cid
_lSpanish & Spanish (Old Spanish)
245 0 0 _aCantar de mío Cid /
_cedición de Francisco A. Marcos Marín.
264 1 _aMadrid :
_bBiblioteca Nueva,
_c1997.
300 _a1 online resource (585 pages) :
_b2 maps
336 _atext
_btxt
_2rdacontent
337 _acomputer
_bc
_2rdamedia
338 _aonline resource
_bcr
_2rdacarrier
490 1 _aClásicos de Biblioteca Nueva ;
_v2.
504 _aIncludes bibliographical references (p. [121]-132) and index.
546 _aSpanish with Old Spanish text on facing pages.
600 0 0 _aCid,
_dca. 1043-1099
_vRomances.
655 0 _aElectronic books.
700 1 _aMarcos Marín, Francisco.
791 2 _aDigitalia (Firm),
_edistributor.
730 0 _aCid (Epic cycle).
_lSpanish & Spanish (Old Spanish)
830 0 _aClásicos de Biblioteca Nueva ;
_v2.
793 0 _gDigitalia eBook Collection:
_aBiblioteca Nueva
856 4 0 _3Digitalia Hispánica
_uhttps://www.digitaliapublishing.com/a/4403/
910 _aPremium Collection: 2007-2012
942 _cRAA
999 _c230826
_d230826